| 000 | 01247 a2200229 4500 | ||
|---|---|---|---|
| 001 | 32525 | ||
| 005 | 20260407155623.0 | ||
| 008 | 260407a1969 arg spa d | ||
| 003 | AR-UNSa-BCEJYS | ||
| 040 |
_aAR-UNSa-BCEJYS _bspa _cAR-UNSa-BCEJYS |
||
| 080 |
_a658.012 _xMétodos (Management...) |
||
| 245 | 1 | 0 |
_aSistemas y procedimientos _pun manual para los negocios y la industria |
| 250 | _a5a. ed | ||
| 264 | 1 |
_aMéxico : _bDiana _c1969 |
|
| 300 |
_a567 p. _c24 cm. |
||
| 505 | _a1. Sistemas y procedimientos - 2. El departamento de sistemas y procedimientos - 3. El estudio de los sistemas - 4. Gráficas de los sistemas - 5. Auditoría de la administración - 6. Simplificación del trabajo - 7. Estimación del trabajo - 8. Diseño y control de formas - 9. Manejo de los registros - 10. Manual de las registros - 11. Presupuestos y control de costos - 12. El equipo tabulador en los negocios - 13. La electrónica en los negocios - 14. Muestreo del trabajo en la oficina - 15. Investigación de la administración - 16. Selección y adiestramiento de presonal de sistemas. | ||
| 942 | _cBK | ||
| 590 | _aniveau_biblio:m niveau_hierar:0 | ||
| 100 | 1 | _aLazzaro, Victor | |
| 700 | 1 | _aBracamonte, Mario | |
| 700 | 1 | _aGómez Morfín, Joaquín | |
| 999 |
_c2292 _d2292 |
||